000 01599nam a2200325 a 4500
003 CO-PeBPR
005 20260417100156.0
008 260415e2014 ck a|||| n||| 00| 0 spa c
020 _a9789588571959
040 0 _aCO-PeBPR
_bspa
_cCO-PeBPR
_erda
041 0 _hspa
082 0 4 _a345.8 T278t
245 1 0 _aTemas de defensa penal
_b: Tomo I
_c/ Coordinación de Jorge Armando Otálora Gómez, Esiquio Manuel Sánchez Herrera, Manuel Fernando Moya Vargas
250 _aPrimera edición
264 1 _aBogotá, Colombia
_b: Defensoría del Pueblo
_c, 2014
300 _a445 páginas
_c; 23 centímetros
336 _atexto
_btxt
_crdacontenido
337 _asin mediación
_bn
_2rdamedio
338 _avolumen
_bnc
_2rdasoporte
500 _aIncluye índice.
520 _aLa Defensoría del Pueblo en el desempeño de su función constitucional de velar por la promoción, el ejercicio y la divulgación de los derechos humanos es la defensoría pública y, particularmente, la que se ejerce en el ámbito del derecho penal. Para un correcto funcionamiento del servicio que presta resulta vital la adecuada preparación y capacitación de los defensores públicos, aspecto en el cual la entidad ha realizado importantes esfuerzos.
650 1 4 _2LEMB
_aDerecho penal
650 1 4 _2LEMB
_aProcedimiento penal
650 1 4 _2LEMB
_aAcción y defensa (Derecho)
650 1 4 _2LEMB
_aCriminología
_zColombia
700 1 _aSánchez Herrera, Esiquio Manuel
_ecoordinador
700 1 _aMoya Vargas, Manuel Fernando
_ecoordinador
700 1 _aOtálora Gómez, Jorge Armando
_ecoordinador
942 _2ddc
_cBK
999 _c17714
_d17714